Dans quelle ville se situent les franchises NBA ? - Statistiques

Statistiques générales
  • Ce quiz a été pris 96 fois
  • Le résultat moyen est 25 sur 30
Statistiques - réponses
Franchises Villes % Correct
Lakers Los Angeles
100%
Clippers Los Angeles
100%
Knicks New-York
99%
Nets New-York/Brooklyn
99%
Celtic Boston
98%
Bulls Chicago
95%
Heat Miami
95%
Spurs San Antonio
95%
Rockets Houston
93%
Mavericks Dallas
92%
Wizards Washington
91%
Nuggets Denver
88%
Pistons Detroit
88%
Magic Orlando
88%
Raptors Toronto
88%
Suns Phoenix
87%
Hornets Charlotte
86%
Cavaliers Cleveland
86%
Kings Sacramento
86%
Hawks Atlanta
85%
76ers Philadelphie
82%
Warriors San Francisco/Oakland
81%
Trail Blazers Portland
79%
Grizzlies Memphis
78%
Pelicans La Nouvelle Orléans
76%
Thunder Oklahoma City
76%
Bucks Milwaukee
73%
Pacers Indianapolis
58%
Jazz Salt Lake City
54%
Timberwolves Minneapolis
49%
Aucun quiz correspondant
Distribution des résultats
% des personnes avec chaque résultat
Percentile par nombre de réponses
Votre historique - résultats
Vous n’avez pas pris ce quiz